000
00284 a2200121 4500
001
59916
082
_a
519.402 PAL
090
_c
36751
_d
36751
100
_a
Palm William J
245
_a
Concise Introduction to MATLAB
260
_a
USA
_b
Mc Graw Hill
_c
2008
300
_a
xii, 418p.
942
_a
NUST-CAE
_k
519.402 PAL
999
_c
294989
_d
294989